000 00241nam a2200097Ia 4500
008 120527s9999 xx 000 0 und d
100 _aSHERMAN and ALCOCK
245 _aExploring animal behaviour
260 _bSinciver Associates
942 _cBK
999 _c25583
_d25583